The medical professional's guide to LGBT+ inclusion : creating a workplace culture that nurtures a welcoming, inclusive, and affirming environment /

Saved in:
Bibliografiske detaljer
Hovedforfatter: Shane, Kryss
Format: Bog
Sprog:engelsk
Udgivet: New York : Routledge Taylor Francis Group, 2023
Tags: Tilføj Tag
Ingen Tags, Vær først til at tagge denne postø!

MARC

LEADER 00000nam a22000007i 4500
001 IT\ICCU\UBO\4877794
003 ItRI
005 20260115232002.0
008 250513s2023 xxu|||||| ||||| |||||c
020 |a 9780367765118 
040 |b ita  |c importazione bologna sebina 
041 7 |a eng  |2 ISO-639-2 
100 1 |a Shane, Kryss  |0 IT\ICCU\UBOV\157108 
240 1 4 |a The medical professional's guide to LGBT+ inclusion  |3 IT\ICCU\UBO\4877796  |9 Shane, Kryss 
245 1 4 |a The medical professional's guide to LGBT+ inclusion :  |b creating a workplace culture that nurtures a welcoming, inclusive, and affirming environment /  |c Kryss Shane. 
260 |a New York :  |b Routledge Taylor Francis Group,  |c 2023 
300 |a xxviii, 214 p. ;  |c 24 cm 
500 |a In calce al frontespizio: A productivity press book 
942 |2 ddc  |c BK  |n 0 
952 |0 0  |1 0  |4 0  |6 DOC_610_690000000000000_SHA  |7 0  |9 18501  |a BO  |b BO  |d 2026-01-15  |i 20637  |l 0  |o DOC 610.69 SHA  |p BO20637  |r 2026-01-15 23:20:02  |w 2026-01-15  |x [Sebina 5] [1 v.]  |y BK  |z 1 v. 
999 |c 15665  |d 15665